Zangze and the beggar (Record no. 69608)

MARC details
000 -LEADER
fixed length control field 00694nam a2200253 i 4500
001 - CONTROL NUMBER
control field C2-0257895
003 - CONTROL NUMBER IDENTIFIER
control field PPAK
005 - DATE AND TIME OF LATEST TRANSACTION
control field 20180727224717.0
008 - FIXED-LENGTH DATA ELEMENTS--GENERAL INFORMATION
fixed length control field 040827s2004 my a|||| ||||| | eng d
020 ## - INTERNATIONAL STANDARD BOOK NUMBER
International Standard Book Number 9832807700
040 ## - CATALOGING SOURCE
Original cataloging agency PPAK
Language of cataloging eng
Transcribing agency PPAK
Description conventions rda
082 04 - DEWEY DECIMAL CLASSIFICATION NUMBER
Classification number 398.2
Edition number 23
090 00 - LOCALLY ASSIGNED LC-TYPE CALL NUMBER (OCLC); LOCAL CALL NUMBER (RLIN)
Classification number (OCLC) (R) ; Classification number, CALL (RLIN) (NR) 398.2
Feature heading ZAN
Feature heading K
245 00 - TITLE STATEMENT
Title Zangze and the beggar
264 #1 - PRODUCTION, PUBLICATION, DISTRIBUTION, MANUFACTURE, AND COPYRIGHT NOTICE
Place of production, publication, distribution, manufacture Seri Kembangan, Selangor :
Name of producer, publisher, distributor, manufacturer Penerbitan PCT ,
Date of production, publication, distribution, manufacture, or copyright notice 2004
300 ## - PHYSICAL DESCRIPTION
Extent 52 pages :
Other physical details illustrations ;
Dimensions 19 cm
336 ## - CONTENT TYPE
Source rdacontent
Content type term text
337 ## - MEDIA TYPE
Source rdamedia
Media type term unmediated
338 ## - CARRIER TYPE
Source rdacarrier
Carrier type term volume
490 1# - SERIES STATEMENT
Series statement Tales from around the world
650 10 - SUBJECT ADDED ENTRY--TOPICAL TERM
Topical term or geographic name entry element Tales
830 #0 - SERIES ADDED ENTRY--UNIFORM TITLE
Uniform title Tales from around the world
942 ## - ADDED ENTRY ELEMENTS (KOHA)
-- dc
Koha item type Book
Holdings
Withdrawn Not for loan Current library Shelving location Date acquired Total Checkouts Full call number Barcode Date last seen Koha item type
    Perpustakaan Kulim Pinjaman Kanak-kanak 28/11/2004   K 398.2 ZAN A01072637 08/05/2018 Book
    Perpustakaan Kulim Pinjaman Kanak-kanak 28/11/2004   K 398.2 ZAN A01072638 08/05/2018 Book
    PD36, Kg. Kuala Lanjut, Kota Star Pinjaman Kanak-kanak 22/08/2004   K 398.2 ZAN A01068681 08/05/2018 Book